| 000 | 00825nam a2200265Ia 4500 | ||
|---|---|---|---|
| 008 | 191130s2004##################000#0#eng## | ||
| 020 | _a879697172 | ||
| 040 |
_aACL _cACL |
||
| 082 | _a579.26 PTA | ||
| 100 | _aPtashne, Mark | ||
| 245 |
_aA genetic switch : phage lambda revisited _cMark Ptashne |
||
| 250 | _a3rd ed | ||
| 260 |
_aCold Spring Harbor, N.Y _bCold Spring Harbor Laboratory Press _c2004 |
||
| 300 | _axiv, 154 p. : ill. (some col.) ; 23 cm | ||
| 500 | _aIncludes bibliographical references and index | ||
| 650 | _aBacteriophage lambda | ||
| 650 | _aBacteriophage lambda - genetics | ||
| 650 | _aGene Expression Regulation | ||
| 650 | _aGenes, Viral | ||
| 650 | _aGenetic regulation | ||
| 650 | _aLysogeny | ||
| 990 | _ac82c8957ac10000c4d851318bae97eea | ||
| 991 | _a232485 | ||
| 999 |
_c341116 _d341116 |
||